000 00173 a2200097 4500
020 _a9780673758538
041 _aspa
100 _aMorris, Ann
245 _aAgua
942 _cBK
999 _c31921
_d31919